[Event "EU-ch 2nd"]
[Site "Ohrid"]
[Date "2001.06.05"]
[Round "5"]
[White "Sakaev, Konstantin"]
[Black "Nevednichy, Vladislav"]
[Result "1-0"]
[WhiteElo "2637"]
[BlackElo "2563"]
[Annotator "Finkel,A"]
[PlyCount "111"]
[EventDate "2001.06.01"]
[EventType "swiss"]
[EventRounds "13"]
[EventCountry "YUG"]
[SourceTitle "CBM 084"]
[Source "ChessBase"]
[SourceDate "2001.09.13"]
[SourceVersion "1"]
[SourceVersionDate "2001.09.13"]
[SourceQuality "1"]

1. d4 d6 2. e4 Nf6 3. f3 e5 4. d5 Be7 5. Be3 O-O 6. c4 c6 (6... Ne8 7. Bd3 f5
8. exf5 Bxf5 9. Ne2 Bh4+ 10. Ng3 $14 {Rustemov,A-Laszewicz,P/Polanica Zdroj
1997/EXT 2000}) 7. Nc3 cxd5 (7... a6 8. Bd3 (8. Qd2 b5 (8... cxd5 9. cxd5 Nbd7
10. Bd3 b5 11. Nge2 Nb6 12. b4 Bd7 13. O-O Qb8 14. Rfc1 Qb7 15. Nd1 Rfc8 16.
Nb2 Bd8 $132 {Votava,J-Mokry,K/Turnov 1996/CBM 54}) 9. Rd1 b4 10. Nce2 a5 11.
Ng3 Na6 12. N1e2 cxd5 13. cxd5 Bd7 14. Nc1 Qb8 15. Nb3 a4 16. Na5 $13 {1/2-1/2
Sakaev,K-Svidler,P/Tivat 1995/CBM 48 ext (16)}) 8... b5 9. Nge2 bxc4 10. Bxc4
c5 11. Qd2 Ne8 12. O-O Nd7 13. Na4 Rb8 14. a3 h6 15. Rab1 Bg5 16. b4 $14 {
Urban,K-Jansa,V/Germany 1997/EXT 99}) 8. cxd5 Nh5 (8... a6 9. Bd3 b5 10. Nge2
Nbd7 11. b4 Nb6 12. a4 Nc4 13. Bxc4 bxc4 14. a5 Rb8 15. Rb1 $14 {Ivanov,
M-Strikovic,A/San Sebastian 1996/EXT 2001}) 9. g3 $5 {In their previous game
Sakaev opted for other continuation and also managed to win the game,
nevertheless the opening plan that he chose for this game looks far more
convincing.} (9. Qd2 g6 10. Bd3 Nf4 11. Bc2 Nd7 12. g3 Nh5 13. Nge2 Ng7 14.
O-O-O a6 15. Bh6 b5 16. h4 Nb6 17. Kb1 Bd7 18. Rc1 Nc4 19. Qe1 Qb6 $13 {
Sakaev,K-Nevednichy,V/Vrnjacka Banja 1996/EXT 2000}) 9... g6 10. Qd2 f5 {
Wihtout this move black can't get sufficient counterplay.} 11. exf5 $1 gxf5 12.
O-O-O Bd7 (12... f4 $6 {[%csl Ge4]} 13. gxf4 $6 (13. Bf2 Bg5 $6 (13... fxg3 $2
14. hxg3 Bg5 15. f4 exf4 16. Rxh5 $18 {[%csl Rg5]}) (13... Nd7) 14. g4 Ng7 15.
h4 Be7 16. Bd3 $16)) 13. f4 Bf6 {Black doesn't want to play e4, because it
would give white a possibility to transfer g4 with very comfortable advantage,
on the other hand, may be it was still better option.} (13... e4 14. Nge2 Nf6
15. Nd4 $14 {[%cal Gf1e2,Gh2h3,Gd1g1,Gg3g4]}) 14. Nf3 Kh8 (14... e4 15. Nd4 Re8
16. Rg1 Ng7 17. Be2 Na6 18. g4 $14) 15. Be2 Ng7 16. h4 b5 $6 {An attempt to
complicate the position, which, however, only makes things worse for black.} (
16... e4 17. Nd4 (17. Ng5 $6 Qe7) 17... Qe7 18. h5 h6 19. g4 fxg4 20. Rdg1 $40
{[%cal Ge2g4]}) 17. Nxb5 Bxb5 18. Bxb5 Nd7 19. Bc6 $1 {Fantastic place for a
bishop! It is very efficient on c6 and it's very difficult for black to create
counterplay on the queenside.} Rb8 20. b3 a5 21. h5 $5 ({Not so bad was also} 
21. fxe5 dxe5 22. Kb1 $16 {[%csl Rd7,Rg7] with huge advantage for white.})
21... Ne8 22. Rh2 Rb4 23. Qc2 Re4 24. Bd2 exf4 25. gxf4 $18 {The game is
actually decided in white's favor: he is in a total control of the situation,
but black still has some prctical chanses.} Nc5 (25... a4 26. Bxa4 Nc5 27. Bc6
Qb6 28. Ng5 $18) 26. Ng5 Qb6 $5 27. Nxe4 Nxe4 {[%cal Gb6d4]} 28. Re2 (28. Re1
$6 Qd4 29. Rhe2 Nxd2 30. Rxd2 Qa1+ 31. Qb1 Qc3+ 32. Kd1 Qf3+ 33. Rde2 Ng7 $16)
28... Ng7 29. h6 Nh5 30. Rxe4 $5 {Giving back some material to get rid of
annoying knight.} fxe4 31. Qxe4 Qc5+ (31... Ng3 $5 32. Qd3 Ne2+ 33. Qxe2 (33.
Kb1 $5) 33... Qd4 {[%cal Gd4b2]} 34. Rf1 Qa1+ 35. Kc2 Qxa2+ 36. Kd3 Qxb3+ 37.
Ke4 $18) 32. Kb1 Qf2 33. Qe3 Qh4 34. Qf3 {[%cal Gd1h1]} Qh2 (34... Ng3 35. Be1
Rg8 36. Bf2 $18) 35. Qe3 Qh4 36. Qe6 $6 Qf2 37. Bc1 Qf3 (37... Nxf4 38. Qe3 (
38. Qxd6 Ng6 39. Qe6) 38... Qxe3 39. Bxe3 $18) 38. Rd2 Qxf4 (38... Qc3 $5) 39.
Qe2 Ng3 40. Qf2 Qe4+ (40... Qxf2 41. Rxf2 Ne4 42. Rf4 Nc3+ 43. Kc2 Nxa2 44.
Rxf6 $18) 41. Rc2 Nf5 42. Qf4 Qd3 43. Bb5 $1 Qxd5 (43... Qxb5 44. Qxf5 Qb8 (
44... a4 45. Qxf6+ $1 $18) 45. Rf2 a4 46. Bb2 $18) 44. Bc4 Qe5 45. Qxe5 dxe5 $8
(45... Bxe5 46. Rf2 $18 {[%cal Gf2f8]}) 46. Bd3 Nd6 $6 (46... Ne7) 47. Ba3 Rd8
(47... Be7 48. Rc7 $18) 48. Rf2 Bh4 49. Rf1 {[%csl Rh8][%cal Ga3b2,Ga3d6]} Nc8
50. Bf8 $1 Nb6 51. Bg7+ Kg8 52. Bf5 Kf7 (52... Re8 53. Be6+ Rxe6 54. Rf8#) 53.
Bxh7+ Ke7 54. Bg6 Nd5 55. h7 Nf4 56. Rxf4 1-0

[Event "Olympiad-34"]
[Site "Istanbul"]
[Date "2000.11.04"]
[Round "7.4"]
[White "Kacheishvili, Giorgi"]
[Black "Nijboer, Friso"]
[Result "0-1"]
[WhiteElo "2564"]
[BlackElo "2537"]
[Annotator "Finkel,A"]
[PlyCount "70"]
[EventDate "2000.10.28"]
[EventType "team-swiss"]
[EventRounds "14"]
[EventCountry "TUR"]
[SourceTitle "EXT 2001"]
[Source "ChessBase"]
[SourceDate "2000.11.22"]
[SourceVersion "1"]
[SourceVersionDate "2000.11.22"]
[SourceQuality "1"]
[WhiteTeam "Georgia"]
[BlackTeam "Netherlands"]
[WhiteTeamCountry "GEO"]
[BlackTeamCountry "NED"]

1. d4 d6 2. e4 Nf6 3. Nc3 g6 4. g3 Bg7 5. Bg2 O-O 6. Nge2 e5 7. O-O (7. h3 c6
8. a4 Nbd7 9. a5 Qc7 10. O-O Rb8 {/\b5+/=}) 7... c6 8. a4 a5 9. h3 Na6 10. Be3
Nb4 11. Qd2 (11. f4 $5) 11... Be6 12. Rad1 (12. b3 d5 13. exd5 Nfxd5 14. Nxd5
Bxd5 15. dxe5 Bxe5 16. Rad1 Bxg2 17. Kxg2 Qf6 18. f4 $13 {Sergejev,R-Svirjov,I/
ch-EST 2000}) (12. f4 Bc4 13. b3 Ba6 14. Rad1 Nh5 15. dxe5 dxe5 $13 {Vajda,
L-Morozevich,A/WchJM U20 1997}) 12... Bc4 $5 {This manouvre is very good
solution for black:the light-squared bishop which is usually main problem of
black turns out to be one of the most pieces on the board.} (12... Qc7 13. f4
Rad8 $13) (12... d5 13. exd5 Nfxd5 14. Nxd5 Bxd5 15. c3 Bxg2 16. Kxg2 Nd5 17.
dxe5 Bxe5 18. Bd4 Bxd4 19. Nxd4 Nb6 $11 {Franzoni,G-Strikovic,A/Erevan olm 1996
}) (12... Qc8 13. Kh2 Re8 14. f4 Bc4 15. dxe5 dxe5 16. f5 Rd8 17. Qc1 Qc7 18.
Rxd8+ Rxd8 19. Rf2 Ne8 $13 {Marjanovic,S-Dujkovic,S/JUG-ch op 1996}) 13. b3 (
13. Rfe1 Qc7 14. Nc1 Rfe8 15. b3 Ba6 16. Nb1 Nh5 17. g4 exd4 18. Bxd4 c5 19.
Bxg7 Nxg7 $13 {Terterians,V-Belov,I/Podolsk 1991}) 13... Ba6 14. Rfe1 Qc7 15.
g4 (15. f4 Rad8 16. g4 Rfe8 $14) 15... Rfd8 (15... Rad8 16. Ng3 Rfe8 (16... Nd7
17. Qc1) (16... d5 17. exd5 Nfxd5 18. Nxd5 cxd5 19. dxe5 Bxe5 20. Bb6 Qxb6 21.
Rxe5 $36 {Van der Weide,K-Van Rijn,A/Dieren op 1998}) 17. g5 Nd7 18. d5 $1 $14
{Van der Weide,K-Nijboer,F/NLD-ch 1998} (18. Qc1 exd4 19. Bxd4 Bxd4 20. Rxd4 d5
$13)) 16. Ng3 $5 Nxg4 $1 {Changing the character of position on the board.} 17.
hxg4 exd4 18. Bxd4 Bxd4 19. Qxd4 Nxc2 20. Qf6 Nxe1 21. Rxe1 Re8 $13 22. Qh4 $5
(22. Nf5 $2 gxf5 23. Qg5+ Kf8 24. Qh6+ Ke7 25. exf5+ (25. Qg5+ f6 26. exf5+ Kf7
27. Qh5+ Kf8 28. Qh6+ Qg7 $19) 25... Kd7 26. Ne4 Kd8 27. Rd1 d5 28. Nd6 Rg8 $17
) (22. f4 Qe7 (22... Qb6+ 23. Kh2 Qxb3 24. f5 d5 $13) 23. Qxe7 Rxe7 24. Rd1 Rd8
25. g5 $13) 22... d5 23. g5 Qd6 24. Re3 Qb4 (24... d4 $2 25. e5 $1 Rxe5 26.
Nce4 Qe6 27. Nf6+ Kf8 28. Rxe5 Qxe5 29. Nd7+ $18) 25. Rf3 d4 26. Bh3 $1 (26.
Rxf7 $2 Kxf7 27. Qxh7+ Kf8 28. Qh8+ Ke7 29. Qf6+ Kd7 $19) 26... Re7 $2 {
This mistake turns out to be wining continuation!After correct} (26... dxc3 $1
27. Rxf7 h5 28. Nxh5 Kxf7 (28... gxh5 29. Qxh5 Qxe4 30. g6 Qe1+ 31. Bf1 $1
Qxf1+ 32. Kh2 $18) 29. Qf4+ Kg8 30. Nf6+ Kg7 31. Nxe8+ Rxe8 32. Qf6+ $11 {
the position is equal.}) 27. e5 $4 {Missing very nice win after} (27. Nf5 $1
dxc3 $1 (27... gxf5 28. Bxf5 f6 (28... Kf8 29. Qxh7 Rc7 30. Qh8+ Ke7 31. Qe5+
Kd8 32. Rh3 $1 $18 {[%csl Rd8]}) 29. gxf6 Rf7 (29... Rc7 30. Qg3+ {[%cal Gg3g8,
Gg3c7]} Kh8 31. Qxc7 $18) 30. Be6 dxc3 31. Rg3+ Kh8 (31... Kf8 32. Qxh7 $3 $18)
32. Bxf7 c2 33. Qxh7+ $3 Kxh7 34. Rh3#) 28. Qh6 $1 (28. Nxe7+ $2 Qxe7 29. Rxc3
Rd8 30. Qf4 c5 $17) 28... f6 $8 (28... gxf5 29. Bxf5 f6 30. gxf6 Kh8 31. Rg3
Rg8 $2 (31... Qd6 32. Rg7) (31... c2 32. Qg7+ $1 Rxg7 33. fxg7+ Kg8 34. Be6#)
32. Rxg8+ Kxg8 33. Be6+ $3 $18) 29. gxf6 (29. Nxe7+ Qxe7 30. gxf6 Qf8 31. f7+
Kh8 32. Qf4 c2 33. Qf6+ Qg7 34. f8=Q+ Rxf8 35. Qxf8+ Qxf8 36. Rxf8+ Kg7 $19 {
[%cal Gc2c1]}) 29... Rf7 30. Ne7+ Rxe7 31. Be6+ $1 Kh8 32. f7 $1 $18 {[%csl
Rh7][%cal Gf7f8,Gf3h3]}) 27... dxc3 $19 28. Ne4 Kh8 29. Qf4 (29. Rxc3 Rxe5 $19)
29... c2 30. Qf6+ Kg8 31. e6 c1=Q+ 32. Kh2 Bc4 33. Qd4 Bxe6 34. Nf6+ Kh8 35.
Qe5 Bxh3 0-1

[Event "EU-ch 2nd"]
[Site "Ohrid"]
[Date "2001.06.12"]
[Round "11"]
[White "Vaisser, Anatoli"]
[Black "Georgiev, Vladimir"]
[Result "1-0"]
[WhiteElo "2540"]
[BlackElo "2592"]
[Annotator "Finkel,A"]
[PlyCount "145"]
[EventDate "2001.06.01"]
[EventType "swiss"]
[EventRounds "13"]
[EventCountry "YUG"]
[SourceTitle "CBM 084"]
[Source "ChessBase"]
[SourceDate "2001.09.13"]
[SourceVersion "1"]
[SourceVersionDate "2001.09.13"]
[SourceQuality "1"]

1. d4 d6 2. e4 Nf6 3. Nc3 e5 (3... c6 4. f3 e5 5. dxe5 dxe5 6. Qxd8+ Kxd8 7.
Bc4 Ke8 8. Nge2 Nbd7 9. a4 a5 10. g4 Nc5 11. h4 Be6 12. Bxe6 Nxe6 13. h5 Bc5
14. Nd1 Ke7 15. Ne3 g6 16. Nc4 Nd7 17. Bd2 b6 18. O-O-O $14 {Yudasin,L-Hodgson,
Y/Dos Hermanas/1992/}) 4. dxe5 dxe5 5. Qxd8+ Kxd8 6. Bc4 (6. Bg5 Bd6 $6 (6...
Be6 $142) (6... Be6 7. O-O-O+ Nbd7 8. f4 exf4 9. Nf3 h6 10. Bxf4 c6 11. a3 Bc5
12. Nd4 Bg4 13. Be2 Bxe2 14. Ndxe2 Ng4 15. Na4 Be7 16. Rhf1 Ke8 17. h3 Nge5
$132 {Maljutin,E-Titov,G SSSR 1991/}) 7. O-O-O Nbd7 8. Nf3 Ke8 9. Nb5 Ke7 10.
Nd2 h6 11. Bh4 Nb6 12. f3 Be6 13. Bf2 Nfd7 14. b3 Rhc8 15. Nxd6 cxd6 16. Kb2
Nc5 17. Nb1 $1 f5 18. exf5 Bxf5 19. c4 g5 20. Nc3 $16 {Dvoirys,S-Spasov,V/Biel
izt/1993/}) (6. Nf3 Bd6 7. Bg5 $6 (7. Bc4 Ke7 $5 8. Bg5 Be6 9. Nd5+ Bxd5 10.
Bxd5 c6 11. Bb3 {Gulko,B-Cifuentes Parada,R Novi Sad 1990/} Nbd7 $5 $10) 7...
Be6 $1 8. O-O-O Nbd7 9. Bh4 h6 10. Bxf6+ gxf6 11. Nh4 Bc5 12. f3 c6 $15 {
Akopian,V-Cifuentes Parada,R Buenos Aires 1991 Inf 52/125/}) 6... Be6 (6... Ke8
$5) 7. Bxe6 fxe6 8. f3 (8. Nf3 Bd6 9. Nd2 (9. Be3 Nc6 $1 $10 {Browne,W-Gulko,B
USA 1991/}) 9... Nc6 10. f3 Ke7 11. Nd1 $6 Nb4 12. Ne3 Bc5 13. Ndc4 b5 14. Nxe5
Bxe3 15. Bxe3 Nxc2+ 16. Ke2 Nxa1 17. Rxa1 Rhc8 18. Nc6+ Ke8 19. Nxa7 Rcb8 20.
Nc6 $44 {Hodgson,J-Malaniuk,V/Calcutta op/1993/}) 8... a6 (8... Nc6 9. Be3 Bd6
10. O-O-O Ke7 11. Nge2 a6 12. Kb1 Rhf8 13. Nc1 Na5 14. b3 Nh5 15. Nd3 Nc6 16.
Rhe1 h6 17. Ne2 g5 18. c4 $14 {Turov,M-Poluljahov,A/St Petersburg 1993/TD}) (
8... Bb4 9. Bd2 Ke7 10. O-O-O Nc6 11. Nh3 (11. Nge2 Nd4 $5 $10) 11... a6 12.
Nf2 Bd6 13. Ne2 h6 14. Nd3 $14 {Dorfman,J-Hickl,J/Polanica Zdroj 1993/CBM 37})
(8... Bd6 $5) (8... Bc5 9. Na4 Bd6 10. Be3 Nbd7 (10... Nfd7 11. Nh3 Ke7 12. Nf2
Nc6 13. Nd3 Nb4 14. Nxb4 Bxb4+ 15. Ke2 $14 {Vaiser,A-Epishin,V/Novosibirsk/
1993/}) 11. Nh3 Ke7 12. O-O-O b5 13. Nc3 Rhb8 14. Nf2 {Gipslis,A-Moskalenko,V/
Alushta/1993/} a6 $10) (8... Bd6 $5) 9. Be3 Bb4 (9... Bd6 10. Nge2 (10. Nh3 Ke7
(10... Nbd7 11. Ke2 Ke7 12. Nf2 Bc5 13. Ncd1 Rhd8 14. Bxc5+ Nxc5 15. Ne3 Nfd7
$6 (15... b5 $5) 16. Nc4 $1 h5 17. Na5 Nb8 18. b4 b6 19. Nc4 Ncd7 20. a4 $14 {
Yudasin,L-Murshed,N/Yerevan 1996/EXT 97}) (10... Nc6 11. O-O-O Ke7 12. Na4 {
1/2-1/2 Makarov,M-Komliakov,V/Kemerovo 1995/CBM 49 ext (12)}) 11. Nf2 Nbd7 12.
O-O-O (12. Ke2 h6 13. Rad1 {1/2-1/2 Schmidt,W-Matlak,M/Augustow 1996/EXT 99 
(13)}) 12... Rhf8 {1/2-1/2 Egin,V-Komliakov,V/Moscow 1997/EXT 2000 (12)} (12...
h6 13. Nd3 b5 14. a4 Rab8 15. axb5 axb5 16. b4 Nb6 17. Bxb6 Rxb6 18. Kb2 Nd7
$11 {Ukolov,A-Vorotnikov,V/Moscow/1996/ (23)})) 10... Ke7 11. Na4 Nbd7 12. O-O
b5 13. Nac3 Nc5 14. a3 h6 15. Nc1 Nfd7 16. Rd1 Nb6 17. Bf2 {1/2-1/2 Antonano,
A-Barranco Castillo,J/Zaragoza 1996/EXT 97 (17)}) 10. Nge2 Ke7 11. a3 Bd6 12.
Nc1 (12. O-O-O) 12... c5 13. Na4 Nbd7 14. b3 c4 $6 {I guess black
underestimated 17th move of white playing 14...c4. Now white gets quiet
significient advantage.} (14... b5 15. Nb2 Rhc8 16. c4 Nb6 17. Ncd3 bxc4 18.
Nxc4 Nxc4 19. bxc4 Rab8 20. Kd2 $14) 15. bxc4 Rac8 16. Nb2 b5 $5 (16... Bc5 17.
Bxc5+ Rxc5 18. Ncd3 Rc7 19. O-O Ne8 20. Rab1 Kf6 21. f4 $16) 17. Nb3 $1 (17.
cxb5 Rxc2 18. Nbd3 axb5 19. O-O Ra8 $13) 17... bxc4 18. Na5 {[%csl Rc4]} c3 19.
Nd3 Bc7 (19... Nc5 20. Bxc5 (20. Ke2 Nxd3 21. cxd3 $16 {[%cal Ga5c4,Gh1c1]})
20... Bxc5 21. Nxe5 Bb6 22. Nb3 $16) 20. Nc6+ $5 Kf7 (20... Kd6 $2 21. Ndb4 $1
{[%csl Rd6][%cal Ga1d1]} Bb6 22. Bxb6 Nxb6 23. Rd1+ Kc7 24. Nxe5 $16) 21. Ke2
Bd6 22. Na5 Bc7 23. Nb7 g5 $6 {Creating another weakness to himself.} (23...
Rb8 24. Rab1 $16 {[%cal Gb1b3,Gh1b1]}) 24. g4 $1 h5 25. h3 Rb8 26. Nbc5 (26.
Rhb1 $5 hxg4 27. hxg4 Kg6 28. Rb3 Rh2+ 29. Nf2 $16) 26... Nxc5 27. Bxc5 {
Sooner or later black pawn on c3 will fall and every exchange of pieces is
making this moment closer!} Nd7 28. Be3 $5 {[%csl Rg5]} (28. Bb4 $5 Bb6 29.
Bxc3 Rbc8 30. Kd2 Be3+ 31. Kxe3 Rxc3 32. Kd2 Rhc8 33. Rhc1 $16) 28... Bd8 29.
Nb4 Bf6 (29... a5 30. Nc6 Rb2 31. Kd3 Bf6 32. Nxa5 $18) 30. Nxa6 Rb2 31. Nb4
Be7 32. Bc1 Nb6 (32... Bxb4 33. Bxb2 cxb2 34. Rad1 $1 {[%csl Rb4,Rd7]} Bxa3 35.
Rxd7+ Kf6 36. Rd3 $1 Rc8 37. Kd2 Bc5 38. Rb1 $18) 33. Bxb2 cxb2 34. Rad1 Ra8 $6
(34... Rc8 $5 35. Kd3 (35. Rd3 $2 Bxb4 36. axb4 Rxc2+ 37. Rd2 Rc1 $19) 35...
Ra8 36. c3 Rxa3 $16) 35. Rd3 Nc4 36. Rb1 Nxa3 $6 (36... hxg4 $1 37. hxg4 Nxa3
38. Rxb2 Bxb4 39. Rxb4 Nxc2 40. Rb7+ Kf6 $16) 37. Rxb2 Bxb4 (37... hxg4 $1) 38.
Rxb4 Nxc2 39. Rb7+ Kf6 40. gxh5 $1 $18 {Now the endgame is easily winning for
white.} Nd4+ 41. Ke3 Ra2 (41... Rh8 42. Rc3 Rxh5 43. Rcc7 Rh8 (43... Rxh3 $2
44. Rf7+ Kg6 45. Rg7+ $18) 44. Rf7+ Kg6 45. Rg7+ Kh6 46. Kf2 $18) 42. Rc3 g4 $5
(42... Ne2 43. Rcc7 $18 {[%csl Rf6][%cal Gc7f7]}) 43. hxg4 Ne2 44. Rcb3 (44.
Ra3) 44... Nd4 45. Rc3 (45. Rb2 $5 Ra3+ 46. Kf2 Rxf3+ 47. Kg1 Rf4 48. Rf2 $18)
45... Ne2 46. Ra3 Rxa3+ 47. Kxe2 Ra2+ 48. Ke3 Rh2 49. Rh7 {[%cal Gh5h6]} Kg5
50. Rf7 (50. h6 Ra2 51. Rh8 Ra6) 50... Ra2 51. Kd3 Ra8 52. Kc4 Rc8+ 53. Kd3 Ra8
54. Kd2 (54. Kc4) 54... Ra2+ 55. Kc3 Ra8 56. Kb4 Rc8 57. Kb5 Rc3 58. Rf8 $1 {
[%cal Gf8g8,Gg8g6]} Rc1 59. Rg8+ Kf4 60. g5 Rh1 61. g6 Kg5 (61... Rxh5 62. g7
Rg5 63. Rf8+ $18) 62. Rh8 Kf6 63. Rh7 Rb1+ 64. Kc4 Rb8 65. Kd3 Ra8 66. g7 Ra3+
67. Ke2 Ra2+ 68. Ke3 Ra3+ 69. Kf2 Ra2+ 70. Kg3 Ra1 71. h6 Rg1+ 72. Kf2 Rh1 73.
Rh8 1-0

[Event "EU-ch 2nd"]
[Site "Ohrid"]
[Date "2001.06.03"]
[Round "3"]
[White "Moreno Carnero, Javier"]
[Black "Nijboer, Friso"]
[Result "1-0"]
[WhiteElo "2480"]
[BlackElo "2580"]
[Annotator "Finkel,A"]
[PlyCount "93"]
[EventDate "2001.06.01"]
[EventType "swiss"]
[EventRounds "13"]
[EventCountry "YUG"]
[SourceTitle "CBM 084"]
[Source "ChessBase"]
[SourceDate "2001.09.13"]
[SourceVersion "1"]
[SourceVersionDate "2001.09.13"]
[SourceQuality "1"]

1. e4 d6 2. d4 g6 3. Nc3 Bg7 4. Be3 c6 5. Qd2 b5 6. Bd3 Nf6 7. h3 Nbd7 8. Nf3
O-O 9. O-O (9. e5 b4 10. exf6 (10. Ne4 Nxe4 (10... dxe5 11. dxe5 Nxe4 12. Bxe4
Nxe5 13. Qxd8 Rxd8 14. Nxe5 Bxe5 15. Bxc6 Bxb2 16. Rb1 Bc3+ 17. Kf1 Ba6+) 11.
Bxe4 d5 12. Bd3 Rb8 $132 {/\c5}) 10... bxc3 11. Qxc3 Nxf6 12. Qxc6 Bd7 $44)
9... Qc7 (9... a6 10. e5 Ne8 11. exd6 exd6 12. Bg5 f6 13. Bh6 d5 14. Bxg7 Kxg7
15. Ne2 Rf7 16. a4 Bb7 17. Rfe1 Nf8 {1/2-1/2 Schandorff,L-Gipslis,A/Valby 1994/
EXT 98 (17)}) (9... e5 10. dxe5 dxe5 $10 11. Ne2 Bb7 (11... a5 $5 $132) 12. Nc1
c5 13. Bxb5 Bxe4 14. Ng5 Bb7 15. Nb3 h6 16. Rfd1 $1 hxg5 17. Bxd7 $16 {Turov,
M-Lastin,A/Nizhnij Novgorod 1998/EXT}) (9... Bb7 10. e5 dxe5 11. dxe5 b4 12.
Ne2 Nd5 13. Bh6 $14 {[%csl Rb4] De Vreugt,D-Nijboer,F/Rotterdam 2000/CBM 77})
10. Ne2 (10. a3 a6 11. Rfe1 Bb7 12. Bg5 e5 13. dxe5 dxe5 14. Qe3 Rfe8 15. Rad1
Nf8 16. Bf1 Ne6 $11 {Duncker,J-Schmidt,J/Bad Wildungen 1998/EXT 99}) (10. Bh6
e5 11. Rfe1 (11. Bxg7 Kxg7 12. Ne2 exd4 13. Nfxd4 Qb6 14. c3 Nc5 15. Ng3 Nxd3
16. Qxd3 Bd7 17. Rad1 Rad8 18. Qe3 h6 $132 {Vyhnalek,B-Pick,S/CZE 1999/EXT 2000
}) 11... a6 12. Rad1 Bb7 13. Qg5 Nh5 14. Bxg7 Kxg7 15. Bf1 f6 16. Qe3 Rad8 17.
dxe5 dxe5 18. Rd2 Nf4 19. Red1 Nb6 20. b3 Ne6 21. a4 {1/2-1/2 Pedersen,
S-Kristensen,L/Denmark 1998/EXT 99 (21)}) (10. Rad1 Bb7 11. Bh6 e5 12. Bxg7
Kxg7 13. dxe5 dxe5 14. Ne2 Rad8 15. Ng3 Ng8 16. Qc3 a6 17. Rd2 Ne7 18. b4 f6
$13 {Noack,C-Hoffmann,H/Leutersdorf 2000/EXT 2001}) 10... Rb8 11. Ng3 e5 12.
Bh6 (12. c3 $5) 12... Ne8 $5 13. c3 Nb6 14. b3 $6 {Black isn't threatening to
play Nc4, so there was no reason to play b3, on the other hand this waste of
tempo is not so crucial in the position and white keeps slightly better
prospects also after this tiny inacuracy.} a5 15. Rfe1 $6 {White's plan is to
play f4 sooner or later, so for this purpose 15.Rae1 would look more suitable.}
a4 16. Rab1 $6 (16. b4 Be6 17. a3 Nc4 18. Qc1 $14) (16. Rac1 $5) 16... Ra8 17.
Rbc1 {White is playing without clear plan and wasting precious time, but even
so his position is not worse and further attempts of black to play for a win
in equal position finally bring to the opposite result (as it oftenly happens
in chess!)} axb3 18. axb3 Be6 19. c4 bxc4 20. Bxc4 $5 (20. bxc4 c5 21. dxe5
dxe5 {would leave white with ''bad'' bishop.}) 20... Bxc4 21. bxc4 c5 $11 22.
dxe5 dxe5 23. Nf1 {[%cal Gf1d5]} Rd8 24. Qe3 f6 $5 {As I previously said the
position is equal and black has no reason to play for a win, but he tries to
do so and very soon finds himself in inferior position.} 25. Rc2 Qc6 $5 (25...
Bxh6 26. Qxh6 Ng7 $6 27. Ne3 Ne6 28. Nd5 Nxd5 29. cxd5 Nd4 30. Nxd4 exd4 31.
Rec1 {[%csl Rc5]} Rc8 (31... Qe5 $2 32. Rxc5 Qxe4 33. Rc7 $18 {[%cal Gc7h7]})
32. Rxc5 Qxc5 33. Rxc5 Rxc5 34. Qd2 $14) 26. Qc1 Bxh6 27. Qxh6 Nd6 (27... Ng7
$5 28. N3d2 (28. N1d2 $6 Ne6 29. Rb1 Nd4 30. Rcb2 (30. Nxd4 cxd4 31. Rcb2 Nd7
32. Rb7 Rb8 33. Rxb8 Rxb8 34. Rxb8+ Nxb8 $15) 30... Nxf3+ 31. gxf3 Rb8 $15)
28... Ne6 29. Ne3 Nd4 30. Rb2 $11) 28. N3d2 Nf7 29. Qh4 Ng5 30. Ne3 Rd4 $6 {
Black's position looks more active, but itt's just an illusion.} (30... Ne6)
31. f3 Rfd8 32. Qf2 Kg7 33. Nd5 {[%csl Rd4]} Qa4 34. Rec1 Nd7 35. Nf1 Qc6 36.
Rb2 $36 {[%cal Gc1b1] The position still remains equal, but now black has to
be careful.} Ne6 37. Nfe3 Nf4 $2 (37... Rd3 $5 38. Rcb1 Ra3 $14 {[%cal Ga3a8,
Ga8b8]}) 38. Nxf4 exf4 39. Nd5 $16 Qd6 (39... Ne5 $5 40. Rb6 Qxb6 $5 (40... Qd7
41. Nxf4 $16) 41. Nxb6 Nd3 42. Qa2 $1 Nxc1 43. Qa7+ Kh6 44. Qe7 $36 {[%csl Rc5,
Rf6]}) 40. Rb7 g5 (40... Rb8 41. Qb2 $1 {[%cal Gc1a1,Ga1a7]} Rxb7 $6 42. Qxb7
Rd2 43. Ra1 $18 {[%csl Rg7][%cal Ga1a7]}) 41. Ra1 Rf8 42. Raa7 Rf7 43. Qb2 {
[%cal Gb7c7,Gb2b7] Planning to triple major pieces over the seventh rank.} Rd1+
$6 44. Kh2 h5 (44... Ne5 45. Qxe5 $3 fxe5 46. Rxf7+ Kg6 47. Rg7+ $18) 45. Rxd7
$1 $18 {[%csl Rf6]} Rxd7 46. Rxd7+ Qxd7 47. Qxf6+ (47. Qxf6+ Kh7 48. Qxg5 Qf7
49. Nf6+ Kh8 50. Qh6+ $18) 1-0